Every SuperSonics/Thunder AllStar. - Statistics

General Stats
  • This quiz has been taken 12 times
  • The average score is 12 of 26
Answer Stats
Year/Years Number of AllStars Player % Correct
2009,2010,2011,2012,2013,2014,2015 7x Kevin Durant
100%
2010,2011,2012,2014,2015,2016,2017,2018 8x Russell Westbrook
100%
1993,1994,1995,1996,1997,1999,2000,2001,2002 9x Gary Payton
86%
2022,2023,2024 3x Shai Gilgeous-Alexander
86%
1992,1993,1994,1995,1996 5x Shawn Kemp
86%
1994,1996 2x Detlef Schrempf
71%
1978,1979,1980,1981,1982,1983,1984 7x Jack Sikma
71%
1971,1972,1973,1974 4x Spencer Haywood
57%
1986 1x Tom Chambers
57%
1988 1x Dale Ellis
43%
1975 1x Fred Brown
43%
1981,1982 2x Gus Williams
43%
1981 1x Lonnie Shelton
43%
2017,2018 2x Paul George
43%
2004 1x Rashard Lewis
43%
2003,2004,2005,2006 4x Ray Allen
43%
1997 1x Vin Baker
43%
1987 1x Xavier McDaniel
43%
2019 1x Chris Paul
29%
1978,1979 2x Dennis Johnson
29%
2024 1x Jalen Williams
29%
1968,1969,1970 3x Lenny Wilkens
14%
1980 1x Paul Westphal
14%
1969 1x Bob Rule
0%
1982 1x David Thompson
0%
1967 1x Walt Hazzard
0%
No matching quizzes found
Score Distribution
Percent of People with Each Score
Percentile by Number Answered
Your Score History
You have not taken this quiz